000 00861nam a2200265 i 4500
001 000028333
003 DO-SdBNP
005 20251104093410.0
007 ta
008 251104s2007 dr a 000 | spa d
040 _aDO-SdBNP
_bspa
_cBNPHU
_erda
041 _aspa
049 _aBNPD
082 _axxx
_bR426e
_222
110 1 _aRepública Dominicana.
_bSecretaría de Estado de Medio Ambiente y Recursos Naturales
_914503
245 1 0 _aEvaluación ecológica integrada del Parque Nacional Armando Bermúdez /
_bFrancisco Nuñez, editor
264 _aSanto Domingo :
_bFundación Moscoso Puello,
_c2007
300 _a164 páginas. :
_bilustraciones ;
_c22 cm.
336 _ardacontent
_btexto
_2txt
337 _ardamedia
_bsin mediación
_2n
338 _ardacarrier
_bvolumen
_2nc
590 _aInventariado, 2025/DG
910 _aDG
942 _2ddc
_cLBS1
999 _c60009
_d60009